000 00741nam a2200229 a 4500
999 _c10166
_d10166
001 10166
003 BD-JhCC
005 20180418193207.0
008 180418s1977 ii |||| |||| 000 0 ben d
035 _a(BD-JhCC)10166
040 _aBD-JhCC
_dBD-JhCC
041 _aben
082 _a784
_bTAG 1977
100 _aঠাকুর, রবীন্দ্রনাথ
245 _aভানুসিংহের পদাবলী /
_cরবীন্দ্রনাথ ঠাকুর,
260 _aকলকাতা :
_bবিশ্বভারতী গ্রন্থনবিভাগ,
_c1977.
300 _a43 P. :
_c24 cm.
490 _aস্বরবিতান ২১
650 _aMusic
942 _2ddc
_cBK